ბათუმის შოთა რუსთაველის სახელმწიფო უნივერსიტეტის ბიბლიოთეკა

Экономика предприяеия :Учеб. Пособие. (ბიბ.ჩანაწერი № 37151)

000 -LEADER
fixed length control field 00733nam a2200241Ia 4500
001 - CONTROL NUMBER
control field 3107
003 - CONTROL NUMBER IDENTIFIER
control field GE_BSU
008 - FIXED-LENGTH DATA ELEMENTS--GENERAL INFORMATION
fixed length control field 181216s||||||||xx |||||||||||||| ||und||
020 ## - INTERNATIONAL STANDARD BOOK NUMBER
International Standard Book Number 5279017663
040 ## - CATALOGING SOURCE
Transcribing agency GE_BSU
080 ## - UNIVERSAL DECIMAL CLASSIFICATION NUMBER
Universal Decimal Classification number 658.45(075.8)
100 ## - MAIN ENTRY--PERSONAL NAME
Personal name Грузинов, В.П; Грибов,в.д.
245 ## - TITLE STATEMENT
Title Экономика предприяеия :Учеб. Пособие.
245 ## - TITLE STATEMENT
Statement of responsibility, etc. Ред: Н.Ф. Карпычева, Р.В. Андреева
250 ## - EDITION STATEMENT
Edition statement издание второе
260 ## - PUBLICATION, DISTRIBUTION, ETC.
Place of publication, distribution, etc. Моска
260 ## - PUBLICATION, DISTRIBUTION, ETC.
Name of publisher, distributor, etc. Финансы и статистика
260 ## - PUBLICATION, DISTRIBUTION, ETC.
Date of publication, distribution, etc. 1998
300 ## - PHYSICAL DESCRIPTION
Extent 208 ст. ил.
653 ## - INDEX TERM--UNCONTROLLED
Uncontrolled term Экономика предприяеия
942 ## - ADDED ENTRY ELEMENTS (KOHA)
Koha item type წიგნი
ეგზემპლარები
Withdrawn status Lost status Damaged status Not for loan Date acquired Barcode Date last seen Price effective from Koha item type Public note
        2018-12-17 7843 2018-12-17 2018-12-17 წიგნი დარბაზი
        2018-12-17 7844 2018-12-17 2018-12-17 წიგნი დარბაზი
        2018-12-17 8192 2018-12-17 2018-12-17 წიგნი დარბაზი